000 01031nam a2200277 a 4500
001 000006463
003 DO-SdBNP
005 20250307132533.0
008 090831s2004 dr 001 0 spa d
020 _a9993479144
040 _aDO-SdBNP
_bspa
_cBNPHU
082 _a354.75097293
_bJ82c
100 1 _aJorge Mera, Orlando,
_d1966-
_917925
245 1 0 _a4 años al frente de INDOTEL :
_bdesafíos, logros y metas /
_cOrlando Jorge Mera ; edición Margarita Marmolejos.
246 1 _aCuatro años al frente de INDOTEL:
_bdesafíos, logros y metas.
260 _aSanto Domingo :
_bINDOTEL,
_c2004.
300 _a202 p. ;
_c23 cm.
590 _aInventariado, 2018/ YL
650 4 _aIndustria de telecomunicaciones
_zRepública Dominicana
_917926
650 4 _aInstituciones públicas
_zRepública Dominicana
_917927
651 4 _aRepública Dominicana
_xAdministración Pública
_9657
700 1 _aMarmolejos, Margarita,
_eed.
_99617
710 2 _aINDOTEL
_917928
910 _aValidado. Control de calidad EMS.
942 _2ddc
_cLBS1
999 _c6256
_d6256